[Event "Sunway Formentera op 3rd"]
[Site "Sant Ferran de ses Roques"]
[Date "2024.04.16"]
[Round "7"]
[White "Akshit, Kumar J"]
[Black "Botez, Andrea"]
[Result "1-0"]
[WhiteElo "2172"]
[BlackElo "1879"]
[PlyCount "103"]
[EventDate "2024.04.09"]
[EventType "swiss"]
[EventRounds "10"]
[EventCountry "ESP"]
[SourceTitle "CB17_2024"]
[SourceDate "2024.04.24"]
[SourceVersion "1"]
[SourceVersionDate "2024.04.24"]
[SourceQuality "1"]

1. e4 c5 2. Nf3 g6 3. d4 cxd4 4. Nxd4 Nc6 5. c4 Bg7 6. Be3 Qb6 7. Nb3 Qd8 8. Nd4 Qb6 9. Nb3 Qd8 10. Qd2 Nf6 11. f3 0-0 12. Nc3 d6 13. Be2 Be6 14. Rc1 Nd7 15. 0-0 a5 16. Nb5 a4 17. N3d4 Nc5 18. Rfd1 h5 19. Bh6 Nxd4 20. Nxd4 Bxh6 21. Qxh6 Qb6 22. Rc2 a3 23. b4 Nb3 24. c5 dxc5 25. Nxe6 Qxe6 26. Bc4 Qb6 27. axb3 cxb4+ 28. Kf1 a2 29. Ra1 Qd6 30. Raxa2 b5 31. Rxa8 Qd1+ 32. Kf2 Qxc2+ 33. Kg3 h4+ 34. Kh3 Rxa8 35. Qxg6+ Kh8 36. Qh5+ Kg7 37. Qxf7+ Kh8 38. Qh5+ Kg7 39. Qg5+ Kh7 40. Qxe7+ Kh6 41. Qxh4+ Kg6 42. Qg3+ Kh7 43. Qc7+ Kh8 44. Qe5+ Kh7 45. Qe7+ Kh8 46. Qe5+ Kh7 47. Qxb5 Ra2 48. Qh5+ Kg7 49. Qf7+ Kh6 50. Qf8+ Kh7 51. Bg8+ Kg6 52. Qf7+ 1-0

[Event "Arandjelovac op 2nd"]
[Site "Arandjelovac"]
[Date "2023.08.03"]
[Round "5"]
[White "Akshit, Kumar J"]
[Black "Drazic, Sinisa"]
[Result "1-0"]
[WhiteElo "2169"]
[BlackElo "2330"]
[PlyCount "55"]
[EventDate "2023.07.31"]
[EventType "swiss"]
[EventRounds "9"]
[EventCountry "SRB"]
[SourceTitle "CBM 215 Extra"]
[Source "ChessBase"]
[SourceDate "2023.09.30"]
[SourceVersion "1"]
[SourceVersionDate "2023.09.30"]
[SourceQuality "1"]

1. e4 c5 2. Nf3 Nc6 3. d4 cxd4 4. Nxd4 g6 5. c4 Bg7 6. Be3 Nf6 7. Nc3 Ng4 8. Qxg4 Nxd4 9. Qd1 Ne6 10. Be2 b6 11. 0-0 Bb7 12. f3 g5 13. Qd2 Rg8 14. Rad1 Be5 15. Nd5 Qb8 16. f4 gxf4 17. Nxf4 Nxf4 18. Bxf4 Bc6 19. Bh5 Rg7 20. Bh6 Bxh2+ 21. Kh1 Rg6 22. Bxg6 hxg6 23. Qf2 f6 24. Qh4 Bg3 25. Qg4 Kf7 26. Rxf6+ Kxf6 27. Rf1+ Bf4 28. Qg5+ 1-0

[Event "Biel HTO 56th"]
[Site "Biel"]
[Date "2023.07.25"]
[Round "8"]
[White "Akshit, Kumar J"]
[Black "Karthik, Rajaa"]
[Result "0-1"]
[WhiteElo "2105"]
[BlackElo "2276"]
[PlyCount "106"]
[EventDate "2023.07.17"]
[EventType "swiss"]
[EventRounds "10"]
[EventCountry "SUI"]
[SourceTitle "CBM 215 Extra"]
[Source "ChessBase"]
[SourceDate "2023.09.30"]
[SourceVersion "1"]
[SourceVersionDate "2023.09.30"]
[SourceQuality "1"]

1. e4 c6 2. Nc3 d5 3. Nf3 dxe4 4. Nxe4 Nf6 5. Qe2 Na6 6. d3 Bg4 7. Bd2 e6 8. 0-0-0 Qd5 9. Kb1 Nc5 10. Nxf6+ gxf6 11. h3 Bxf3 12. Qxf3 Qxf3 13. gxf3 Nd7 14. d4 Rd8 15. Rg1 Nb6 16. c3 h5 17. Kc2 Bh6 18. Be1 Kd7 19. c4 Rhg8 20. Rh1 Kc8 21. b3 f5 22. Bc3 Bf4 23. a4 Na8 24. b4 Nc7 25. b5 Rd7 26. bxc6 bxc6 27. Rb1 c5 28. dxc5 Na6 29. Rb5 Rc7 30. a5 Rc6 31. Bf6 Nc7 32. Rb3 Rxc5 33. Bc3 Be5 34. Bd2 Bd4 35. Be2 Rg2 36. f4 Rxf2 37. Bxh5 Rxc4+ 38. Kd3 Ra4 39. Rhb1 Rh2 40. Bxf7 Rxh3+ 41. Ke2 Rh2+ 42. Kd3 Bc5 43. Rd1 Rd4+ 44. Kc3 Rh7 45. Bg6 Rh3+ 46. Kc2 Rxb3 47. Kxb3 Bb4 48. Kc2 Bxd2 49. Rxd2 Rxd2+ 50. Kxd2 Nd5 51. Bf7 Nxf4 52. Ke3 e5 53. Bg8 Kd7 0-1

[Event "IND-ch 59th"]
[Site "New Delhi"]
[Date "2022.12.31"]
[Round "10"]
[White "Sachi, Jain"]
[Black "Akshit, Kumar J"]
[Result "0-1"]
[WhiteElo "1617"]
[BlackElo "2158"]
[PlyCount "102"]
[EventDate "2022.12.22"]
[EventType "swiss"]
[EventRounds "13"]
[EventCountry "IND"]
[SourceTitle "CBM 211 Extra"]
[Source "ChessBase"]
[SourceDate "2023.01.31"]
[SourceVersion "1"]
[SourceVersionDate "2023.01.31"]
[SourceQuality "1"]

1. e4 c5 2. Nf3 d6 3. d4 cxd4 4. Nxd4 Nf6 5. Nc3 g6 6. f4 Nc6 7. Nf3 Bg7 8. Bd3 0-0 9. 0-0 b5 10. Nxb5 Qb6+ 11. Kh1 Nxe4 12. Bxe4 Qxb5 13. Bd3 Qb6 14. c3 Rb8 15. Qe2 h6 16. Nh4 Bf6 17. Nf3 Kh7 18. h3 Bg7 19. Rf2 f5 20. Be3 Qa5 21. b4 Qa3 22. b5 Nb4 23. Rb1 Nd5 24. Rb3 Qa5 25. c4 Nxe3 26. Qxe3 e5 27. fxe5 Re8 28. e6 Bxe6 29. Qf4 Qb6 30. Re2 Bf7 31. Qd2 Rbc8 32. Rxe8 Rxe8 33. Rb1 Rc8 34. Qb4 d5 35. Rc1 dxc4 36. Bxc4 Qe3 37. Qd2 Qxd2 38. Nxd2 Bf6 39. a4 Kg7 40. Rc2 Bg5 41. a5 Bxd2 42. Rxd2 Rxc4 43. Rd7 Rb4 44. Rb7 Kf6 45. a6 Bd5 46. Rxa7 Rxb5 47. Rd7 Be4 48. a7 Rb1+ 49. Kh2 Rb2 50. Kg1 Rxg2+ 51. Kf1 Ra2 0-1

[Event "IND-ch 59th"]
[Site "New Delhi"]
[Date "2022.12.26"]
[Round "5"]
[White "Akshit, Kumar J"]
[Black "Das, Sayantan"]
[Result "0-1"]
[WhiteElo "2158"]
[BlackElo "2475"]
[PlyCount "76"]
[EventDate "2022.12.22"]
[EventType "swiss"]
[EventRounds "13"]
[EventCountry "IND"]
[SourceTitle "CBM 211 Extra"]
[Source "ChessBase"]
[SourceDate "2023.01.31"]
[SourceVersion "1"]
[SourceVersionDate "2023.01.31"]
[SourceQuality "1"]

1. e4 c5 2. Nf3 e6 3. d4 cxd4 4. Nxd4 Nc6 5. Nc3 Qc7 6. Be3 a6 7. Be2 Nf6 8. a3 Be7 9. 0-0 0-0 10. f4 d6 11. Qe1 Nxd4 12. Bxd4 b5 13. Qg3 Bb7 14. Kh1 Bc6 15. Rae1 Rad8 16. Bd3 Qd7 17. Ne2 g6 18. Nc3 a5 19. f5 Nh5 20. Qe3 b4 21. Ne2 e5 22. Bb6 Ra8 23. Bc4 Kg7 24. axb4 axb4 25. Ra1 Nf6 26. Ng3 Qb7 27. fxg6 fxg6 28. Rxa8 Rxa8 29. Qg5 Bxe4 30. Rxf6 Ra1+ 31. Bf1 Rxf1+ 32. Nxf1 Bxf6 33. Qg4 Bf5 34. Qxb4 Bd8 35. Bc5 Qa6 36. c4 dxc5 37. Qxc5 Bf6 38. Qd5 Be6 0-1

[Event "IND-ch 59th"]
[Site "New Delhi"]
[Date "2022.12.25"]
[Round "4"]
[White "Vignesh, NR."]
[Black "Akshit, Kumar J"]
[Result "1/2-1/2"]
[WhiteElo "2493"]
[BlackElo "2158"]
[PlyCount "69"]
[EventDate "2022.12.22"]
[EventType "swiss"]
[EventRounds "13"]
[EventCountry "IND"]
[SourceTitle "CBM 211 Extra"]
[Source "ChessBase"]
[SourceDate "2023.01.31"]
[SourceVersion "1"]
[SourceVersionDate "2023.01.31"]
[SourceQuality "1"]

1. Nf3 d5 2. g3 Nf6 3. Bg2 c6 4. 0-0 Bf5 5. c4 e6 6. cxd5 exd5 7. d3 Be7 8. Qb3 Qb6 9. Qc2 Qc5 10. Qd1 0-0 11. Nc3 Nbd7 12. e4 dxe4 13. dxe4 Bg6 14. Nh4 Bh5 15. Qb3 Qb6 16. Nf5 Bc5 17. Qc2 Bg6 18. Na4 Qb5 19. Nxc5 Qxc5 20. Qxc5 Nxc5 21. Ne7+ Kh8 22. f3 Nd3 23. Bg5 h6 24. Bxf6 gxf6 25. Rfd1 Ne5 26. f4 Nc4 27. Rd7 Rab8 28. Rad1 Bh7 29. Bh3 Nb6 30. R7d6 Bxe4 31. Rxf6 Kg7 32. Rfd6 Rfe8 33. f5 Nd5 34. Nxd5 Bxd5 35. Kf2 1/2-1/2

[Event "Novi Sad TS Mix 223rd"]
[Site "Novi Sad"]
[Date "2021.11.21"]
[Round "9"]
[White "Akshit, Kumar J"]
[Black "Sitbon, Itay"]
[Result "0-1"]
[WhiteElo "2099"]
[BlackElo "1925"]
[PlyCount "50"]
[EventDate "2021.11.16"]
[EventType "swiss"]
[EventRounds "9"]
[EventCountry "SRB"]
[SourceTitle "CBM 205 Extra"]
[Source "ChessBase"]
[SourceDate "2022.01.31"]
[SourceVersion "1"]
[SourceVersionDate "2022.01.31"]
[SourceQuality "1"]

1. e4 c5 2. Nf3 g6 3. d4 cxd4 4. c3 d3 5. Bxd3 Bg7 6. c4 Nc6 7. Nc3 Nf6 8. h3 d6 9. 0-0 0-0 10. Qe2 Nd7 11. Nd5 Nc5 12. Rd1 b6 13. Rb1 f5 14. Nf4 Nb4 15. e5 dxe5 16. Nxe5 Bxe5 17. Qxe5 Nbxd3 18. Nxd3 Nxd3 19. Qb5 a6 20. Qc6 Ne5 21. Qxa8 Qxd1+ 22. Kh2 Qd6 23. Bf4 g5 24. Rd1 Qxd1 25. Bxe5 Qd7 0-1

[Event "Novi Sad TS Mix 223rd"]
[Site "Novi Sad"]
[Date "2021.11.20"]
[Round "8"]
[White "Mushini, Ajay"]
[Black "Akshit, Kumar J"]
[Result "1-0"]
[WhiteElo "1947"]
[BlackElo "2099"]
[PlyCount "80"]
[EventDate "2021.11.16"]
[EventType "swiss"]
[EventRounds "9"]
[EventCountry "SRB"]
[SourceTitle "CBM 205 Extra"]
[Source "ChessBase"]
[SourceDate "2022.01.31"]
[SourceVersion "1"]
[SourceVersionDate "2022.01.31"]
[SourceQuality "1"]

1. e4 c5 2. Nf3 d6 3. d4 cxd4 4. Nxd4 Nf6 5. Nc3 a6 6. Be3 e5 7. Nb3 Be7 8. h3 Be6 9. Qf3 b5 10. g4 b4 11. Nd5 Nxd5 12. exd5 Bd7 13. a3 bxa3 14. Rxa3 a5 15. Bd3 0-0 16. h4 Qc8 17. g5 a4 18. Qe4 g6 19. h5 Bf5 20. Qh4 gxh5 21. Qxh5 Bxd3 22. cxd3 Qf5 23. Nd2 Nd7 24. Nf3 Qg6 25. Qh3 Rfd8 26. Nh4 Qh5 27. Qg2 Bf8 28. Nf5 Qg6 29. Qg4 Rab8 30. Rh6 Rxb2 31. Rxg6+ hxg6 32. Nh6+ Bxh6 33. gxh6 Kh7 34. Rxa4 e4 35. Rxe4 Ra8 36. Kf1 Ne5 37. Rxe5 dxe5 38. Qd7 Kg8 39. Qe7 Rb1+ 40. Kg2 Raa1 1-0

[Event "Novi Sad TS Mix 223rd"]
[Site "Novi Sad"]
[Date "2021.11.18"]
[Round "4"]
[White "Tesic, Dragan"]
[Black "Akshit, Kumar J"]
[Result "1-0"]
[WhiteElo "2270"]
[BlackElo "2099"]
[PlyCount "87"]
[EventDate "2021.11.16"]
[EventType "swiss"]
[EventRounds "9"]
[EventCountry "SRB"]
[SourceTitle "CBM 205 Extra"]
[Source "ChessBase"]
[SourceDate "2022.01.31"]
[SourceVersion "1"]
[SourceVersionDate "2022.01.31"]
[SourceQuality "1"]

1. d4 d5 2. c4 c6 3. Nf3 Nf6 4. Nc3 e6 5. e3 Nbd7 6. Bd3 dxc4 7. Bxc4 b5 8. Bd3 a6 9. e4 c5 10. e5 cxd4 11. Nxb5 axb5 12. exf6 gxf6 13. 0-0 Qb6 14. Qe2 Bb7 15. Rd1 Rg8 16. Bxh7 Rg7 17. Be4 Nc5 18. Bxb7 Qxb7 19. Bf4 d3 20. Qe3 Ra4 21. Bg3 Re4 22. Qc1 Rc4 23. Qd2 Rg6 24. b4 Bh6 25. Qe1 Ne4 26. Rxd3 Kf8 27. Rad1 Qa7 28. Nd4 f5 29. Nxb5 Qb7 30. Nd6 Nxd6 31. Bxd6+ Kg8 32. Rg3 Rxg3 33. hxg3 Bg7 34. a4 Bc3 35. Qe2 Re4 36. Qh5 Bg7 37. Bc5 Qc7 38. a5 Bf6 39. a6 Rg4 40. Qh6 Bg5 41. Qf8+ Kh7 42. a7 Rxg3 43. fxg3 Qxg3 44. Qxf7+ 1-0